[Event "IND-ch U20 Girls 50th"]
[Site "Gurugram"]
[Date "2022.03.09"]
[Round "1"]
[White "Bhavya, Verma"]
[Black "Bommini, Mounika Akshaya"]
[Result "0-1"]
[WhiteElo "1217"]
[BlackElo "2145"]
[PlyCount "64"]
[EventDate "2022.03.09"]
[EventType "swiss"]
[EventRounds "9"]
[EventCountry "IND"]
[SourceTitle "EXT 2023"]
[Source "ChessBase"]
[SourceDate "2022.10.05"]
[SourceVersion "1"]
[SourceVersionDate "2022.10.05"]
[SourceQuality "1"]

1. e4 e5 2. Nf3 Nc6 3. d4 exd4 4. Bc4 Nf6 5. e5 d5 6. Bb5 Ne4 7. Nxd4 Bc5 8. Bxc6+ bxc6 9. 0-0 Ba6 10. Be3 Bxd4 11. Bxd4 Bxf1 12. Kxf1 Qh4 13. Nc3 Nxc3 14. bxc3 Qxh2 15. f3 0-0 16. Qd2 Rfe8 17. Re1 Qh5 18. Qe2 a5 19. Qe3 Re6 20. f4 Rg6 21. Kg1 Re8 22. Rf1 Qf5 23. Qe2 f6 24. Qd2 h5 25. exf6 gxf6 26. Bc5 Re4 27. Ba7 Rg4 28. Be3 Rg3 29. Ba7 Qg4 30. Rf2 h4 31. f5 h3 32. Be3 Rexe3 0-1